000 01014nam a2200241Ia 4500
001 282.45-CAT (11746)
003 IT-MiSPE
008 171229s9999||||xx |||||||||||||| ||und||
040 _aIT-MiSPE
_cIT-MiSPE
041 _aITALIANO
100 _aPietro Scoppola
245 0 _aI cattolici tra fascismo e democrazia
250 _a1a ed. (v)
260 _aBologna
_bIl Mulino
_c1975
300 _a461 p.
_c22 cm
490 _aTemi e discussioni
500 _aItalia - Storia, sec. XX
501 _aEdizioni San Paolo srl - Piazza Soncino, 5 - 20092 CINISELLO BALSAMO (MI) (non commercial uses only) ® Copyright 2018
700 _aFrancesco Traniello
942 _cBK
957 _71
999 _a16568
_bNO
_g Copie: 1
_c349342
_d349342